|
|
|
|
| LEADER |
00690cam a2200229 a 4500 |
| 001 |
0000049978 |
| 005 |
20010130090000.0 |
| 040 |
|
|
|a mod
|
| 041 |
|
|
|a eng
|
| 020 |
0 |
0 |
|a 0471360287
|
| 090 |
0 |
0 |
|a 658.404
|b WYS
|
| 100 |
1 |
0 |
|a Wysocki
|h Robert K
|
| 245 |
1 |
0 |
|a Effective project management
|c Robert K. Wysocki ; Robert Beck and David B. Crane
|
| 250 |
0 |
0 |
|a 2nd ed
|
| 260 |
0 |
0 |
|a New York
|b John Wiley & Sons
|c 2000
|
| 300 |
0 |
0 |
|a xvii, 359p.
|b ill.
|c 23cm + 1 CD-Rom
|
| 650 |
0 |
0 |
|a Industrial project management
|
| 650 |
0 |
0 |
|a Bibliography:p.329-359
|
| 700 |
1 |
1 |
|a Beck
|h Robert
|
| 700 |
1 |
1 |
|a Crane
|h David B
|
| 852 |
0 |
0 |
|a 01
|
| 999 |
|
|
|a 0172762
|b KEMENTAH
|d BOOKS
|e Umum
|f Perpustakaan KEMENTAH
|j AVAILABLE
|q GOOD CONDITION
|